[Event "79th Tata Steel Chess 2017-Masters"]
[Site "Wijk aan Zee"]
[Date "2017.01.20"]
[Round "6"]
[White "Adhiban, Baskaran"]
[Black "So, Wesley"]
[Result "1/2-1/2"]
[WhiteElo "2653"]
[BlackElo "2808"]
[Annotator "Sagar Shah"]
[PlyCount "77"]
[EventDate "2017.??.??"]
[TimeControl "60"]

1. e4 {[%emt 0:00:00]} e5 {[%emt 0:00:11]} 2. f4 $5 {0 When was the last time
someone played the King's Gambit against Wesley So?! Well, the databases
reveal that this was the first time! Adhiban has seriously made some very
interesting choices at this event. Rather than going deep into some line, he
has just changed the battlefield in order to make it more even.} exf4 {[%emt 0:
00:44]} 3. Bc4 {[%emt 0:00:00]} (3. Nf3 {is by far the most popular move in
the position.}) 3... d5 {405 Played after seven minutes of thought. Wesley
would have definitely prepared something against the King's Gambit but to
remember all the analysis on the spot is not an easy task.} (3... Qh4+ 4. Kf1 {
The tempo that you will gain with Nf3 is worth losing your castling rights!})
4. Bxd5 {[%emt 0:00:00]} Nf6 {[%emt 0:00:08]} 5. Nc3 {[%emt 0:00:00]} Nxd5 {566
} 6. Nxd5 {[%emt 0:00:00]} Bd6 {[%emt 0:00:08]} (6... g5 {is another possible
move, but Wesley likes to go for simple developing moves rather than clinging
on to pawns with moves like g5.}) 7. Nf3 {[%emt 0:00:00]} O-O {[%emt 0:00:17]}
8. d4 {0 Adhiban was still blitzing his moves.} Re8 {905 15 minutes of
thought! The opening is already a success for the Indian player.} 9. e5 {
[%emt 0:00:04]} c6 {[%emt 0:00:07]} (9... f6 10. Bxf4 $14) 10. Nxf4 {54 White
has not only recovered his pawn, but is a pawn up and has a clearly preferable
position. Getting such a position against Wesley after 10 moves in any major
well-known opening line might be almost impossible.} f6 {[%emt 0:00:38]} 11.
Nd3 {712 The first move where Adhiban had to think. 12 minutes for 11.Nd3.} (
11. O-O $5 fxe5 12. dxe5 Bc5+ 13. Kh1 Qxd1 14. Rxd1 Bf5 $44) (11. Qd3 $5 fxe5
12. dxe5 Bc7 13. Qb3+ Kh8 14. O-O $16) 11... fxe5 {1654} 12. dxe5 {[%emt 0:00:
02]} Qb6 {249} 13. Qe2 {901} Bf5 {[%emt 0:00:12]} 14. Be3 {197} Qa5+ {[%emt 0:
00:25]} 15. c3 {497} Bc7 {901} 16. O-O {196} Qa6 {14 White is a pawn up, but
Black's bishop pair and the pretty weak e5 pawn gives Black decent
compensation.} (16... Bxd3 17. Qxd3 Bxe5 18. Ng5 $1 g6 19. Qc4+ Qd5 20. Qh4 $18
) 17. Rad1 {244} Nd7 {[%emt 0:00:07]} (17... Qxa2 18. Ng5 Bg6 19. Nf4 $18) 18.
Bd4 {1568 Adhiban played after 26 minutes, but this move lets Black equalize
with ease.} (18. b3 $5 Bxd3 19. Rxd3 Nxe5 20. Nxe5 Bxe5 21. c4 $14) 18... c5 $1
{100} 19. Bf2 {[%emt 0:00:23]} Nxe5 {177} 20. Nfxe5 {[%emt 0:00:23]} Bxe5 {284}
21. Qf3 {[%emt 0:00:18]} Be4 {[%emt 0:00:27]} 22. Qh3 {[%emt 0:00:35]} Bxd3 {
166} 23. Qxd3 {115 The position is just even now.} Qxa2 {[%emt 0:00:43]} 24.
Bxc5 {621} Qxb2 {[%emt 0:00:40]} 25. Bxa7 $1 {239} Bxc3 {357} (25... Rxa7 26.
Qd5+ Kh8 27. Qxe5 $11) 26. Bf2 {525} Be5 {251} 27. Rb1 {86} Qa2 {[%emt 0:00:05]
} 28. Rxb7 {9 The pawns are exchanged and the game ends in a draw.} Rf8 {
[%emt 0:00:33]} 29. Qb3+ {173} Qxb3 {[%emt 0:00:47]} 30. Rxb3 {[%emt 0:00:04]}
Ra2 {[%emt 0:00:03]} 31. Rf3 {184} Rxf3 {[%emt 0:00:06]} 32. gxf3 {[%emt 0:00:
05]} Kf7 {[%emt 0:00:04]} 33. Bg3 {[%emt 0:00:45]} Bd4+ {[%emt 0:00:05]} 34.
Kh1 {[%emt 0:00:14]} Rd2 {[%emt 0:00:30]} 35. Bf4 {[%emt 0:00:43]} Re2 {
[%emt 0:00:04]} 36. Rd1 {[%emt 0:00:08]} Bc3 {[%emt 0:00:39]} 37. Rd3 {[%emt 0:
00:11]} Bb4 {[%emt 0:00:32]} 38. Rd4 {135} Bc5 {[%emt 0:00:11]} 39. Rd2 {
[%emt 0:00:03]} 1/2-1/2

[Event "79th Tata Steel Chess 2017-Masters"]
[Site "Wijk aan Zee"]
[Date "2017.01.20"]
[Round "6"]
[White "Harikrishna, Pentala"]
[Black "Wojtaszek, Radoslaw"]
[Result "1/2-1/2"]
[WhiteElo "2766"]
[BlackElo "2750"]
[Annotator "Sagar Shah"]
[PlyCount "133"]
[EventDate "2017.??.??"]
[TimeControl "60"]

1. e4 {[%emt 0:00:00]} e5 {[%emt 0:00:05]} 2. Nf3 {[%emt 0:00:00]} Nc6 {
[%emt 0:00:04]} 3. Bb5 {[%emt 0:00:06]} a6 {[%emt 0:00:06]} 4. Ba4 {[%emt 0:00:
06]} Nf6 {[%emt 0:00:05]} 5. O-O {[%emt 0:00:53]} Be7 {[%emt 0:00:09]} 6. Re1 {
[%emt 0:00:20]} b5 {[%emt 0:00:06]} 7. Bb3 {[%emt 0:00:03]} O-O {[%emt 0:00:07]
} 8. a3 {158} d6 {119} 9. h3 {142 Hari likes to play this move h3 in both the
Ruy Lopez as well as the Guioco Piano.} Na5 {176} 10. Ba2 {63} c5 {[%emt 0:00:
06]} 11. Nc3 {260} Nc6 {476} 12. d3 {524} h6 {290} 13. Bd2 {588} Rb8 {845} 14.
Rb1 {754} a5 {433} 15. a4 {168} b4 {[%emt 0:00:29]} 16. Nb5 {245} Re8 {275} 17.
c3 {335} Bf8 {126} 18. Qc2 {89} Qb6 {349} 19. Be3 {93} Na7 {978} 20. Bc4 {745}
Ba6 $6 {418} 21. Nc7 $1 {373 Harikrishna alert as ever picks up the light
squared bishop.} Qxc7 {288} 22. Bxa6 $14 {6 With the light squared bishop in
his bag, White is clearly for choice.} d5 {123} 23. cxb4 {134} (23. exd5 Nxd5
24. Bc4 Nxe3 25. Rxe3 $14) 23... Nc6 {190} 24. Bb5 {172} (24. Bd2 $14) 24...
Nxb4 {[%emt 0:00:57]} 25. Qd1 {113} Red8 {69} 26. exd5 {[%emt 0:00:19]} Nfxd5 {
[%emt 0:00:07]} (26... Rxd5 27. Bc4 $14) 27. Bd2 {70} Bd6 {139} 28. Qe2 {189}
Nf4 {263} 29. Qe4 $16 {239 White is clearly better.} Nc2 {108} 30. Rec1 {69} (
30. Nxe5 $1 Nxe1 (30... Bxe5 31. Qxe5 Qxe5 32. Rxe5 Nxd3 33. Bxd3 Rxd3 34. Bxa5
$16) 31. Bxf4 $18) 30... Nb4 {[%emt 0:00:05]} 31. g3 {359} Ne6 {99} (31...
Nxh3+ 32. Kg2 Ng5 33. Nxg5 hxg5 34. Rh1 g6 35. Bxg5 $18) 32. Bxb4 {75} axb4 {
[%emt 0:00:04]} 33. h4 {[%emt 0:00:48]} Rf8 {472} 34. Re1 {67} Qd8 {251} 35.
Kg2 {100} (35. Nxe5 Bxe5 36. Qxe5 Nd4 $44) 35... Nc7 {182} 36. Bc4 {[%emt 0:00:
21]} Re8 {[%emt 0:00:03]} 37. Qf5 {165} Qf6 {[%emt 0:00:29]} 38. Qh5 {205} (38.
Qxf6 gxf6 39. Ra1 $16 {White has a clear advantage here because of the strong
light squared bishop and the protected a-passed pawn.}) 38... Ne6 {100} 39.
Nxe5 {87} g6 {[%emt 0:00:48]} 40. Nxg6 {[%emt 0:00:00]} (40. Ng4 $1 Qd4 41. Qd5
Qxg4 42. Qxd6 $18) (40. Qxh6 Bxe5 $17) 40... Kh7 $1 {166} 41. Qd5 {1033} (41.
Ne5 Ng7 42. Qxf7 Bxe5 43. Qxf6 Bxf6 $11) 41... Nc7 {573} 42. Qxf7+ {[%emt 0:00:
42]} Qxf7 {[%emt 0:00:04]} 43. Bxf7 {[%emt 0:00:07]} Rxe1 {[%emt 0:00:09]} 44.
Rxe1 {[%emt 0:00:05]} Kg7 {[%emt 0:00:19]} 45. Ne5 {355} Bxe5 {[%emt 0:00:04]}
46. Rxe5 {[%emt 0:00:07]} Kxf7 {[%emt 0:00:02]} 47. Rxc5 $16 {10 Although
White is better it is not so easy to convert this into a full point.} Ne6 {
[%emt 0:00:15]} 48. Rc4 {362} b3 {762} 49. Kf3 {277} Ke7 {[%emt 0:00:36]} 50.
d4 {331} Kd6 {[%emt 0:00:23]} 51. Ke4 {[%emt 0:00:07]} Nc7 {[%emt 0:00:59]} 52.
Rc5 {247} Rb4 {291} 53. Rh5 {169} Rxa4 {231} 54. Rxh6+ {[%emt 0:00:22]} Ne6 {93
} 55. f4 {177} Rxd4+ {102} 56. Ke3 {[%emt 0:00:51]} Rd5 {[%emt 0:00:04]} 57. g4
{[%emt 0:00:50]} Ke7 {[%emt 0:00:34]} 58. f5 {279} Re5+ {110} 59. Kd3 {123}
Nf4+ {[%emt 0:00:06]} 60. Kc4 {[%emt 0:00:00]} Re4+ {118} 61. Kxb3 {147} Ng2 {
[%emt 0:00:05]} 62. g5 {625} Nxh4 {[%emt 0:00:34]} 63. Rh7+ {[%emt 0:00:05]}
Kf8 {138} 64. f6 {75} Rg4 {[%emt 0:00:41]} 65. Rh8+ {104} Kf7 {[%emt 0:00:05]}
66. Rh7+ {[%emt 0:00:35]} Kf8 {[%emt 0:00:05]} 67. Rh8+ {[%emt 0:00:09]}
1/2-1/2

[Event "Wijk aan Zee"]
[Site "Wijk aan Zee"]
[Date "2017.01.20"]
[Round "6"]
[White "Hansen, Eric"]
[Black "Xiong, Jeffery"]
[Result "1-0"]
[WhiteElo "2603"]
[BlackElo "2667"]
[Annotator "Tiger Hillarp-Persson"]
[PlyCount "83"]
[EventDate "2017.??.??"]

{I have chosen to comment on this game since it is quite instructive. Eric
Hansen shows us how to use the bishop pair in an advantageous structure.} 1. e4
Nf6 (1... e6 2. d4 d5 3. Nc3 dxe4 4. Nxe4 Bd7 {This move is the start of an
awkward but effective manoeuvre, which solves the problem of the "bad" bishop.}
5. Nf3 Bc6 6. Bd3 Nd7 7. O-O Ngf6 8. Ng3 Bxf3 9. Qxf3 c6 10. c3 g6 {is similar
to the game, but here White will have to spend quite a few tempi to get the
knight to f3, where it belongs. If White allows the exchange of a pair of
knights on e4, then White is slightly better due to the bishop pair, but where
Black has no weaknesses and can look to the future with confidence.}) (1... d5
2. exd5 Qxd5 3. Nc3 Qa5 4. d4 c6 5. Nf3 Nf6 6. Bc4 Bg4 {Black must play this
or the bishop becomes a problem later.} 7. h3 Bxf3 8. Qxf3 e6 {and White is a
bit better again, due to the bishop pair, but the knight is really not that
great on c3. Jeffery Xiong has played both these systems in the last years,
but didn't hurry to exchange the light squared bishop in either of those games.
This time he goes for the exchange.}) 2. e5 Nd5 3. d4 d6 4. Nf3 g6 (4... dxe5
5. Nxe5 Nd7 {is a line that was favoured by Bent Larsen in the good old days.
Now} 6. Nxf7 (6. Nf3 $1 N7f6 7. c4 $1 Nb6 8. Nc3 Bg4 9. h3 Bxf3 10. Qxf3 c6 11.
Be3 $16) 6... Kxf7 7. Qh5+ Ke6 {is very unclear, but White can play 6.Nf3!
instead, when Nd7 is misplaced.}) 5. Bc4 c6 ({If you were looking for sharp
stuff, then} 5... Nb6 6. Bb3 Bg7 {used to be the line of choice. However, after
} 7. Ng5 e6 8. Qf3 Qe7 9. Ne4 dxe5 10. Bg5 Qb4+ 11. c3 Qa5 12. Bf6 {Black ends
up in a position that is risky and holds too little potential to play for a
win.}) (5... dxe5 6. Nxe5 c6 {leads to the Kengis variation. The move in the
game keeps more options for Black.}) 6. O-O Bg7 (6... Bg4 7. Nbd2 dxe5 8. dxe5
Nd7 9. h3 Bxf3 10. Nxf3 e6 11. Re1 Bg7 12. Bf1 $1 Qc7 13. c4 Ne7 14. Bf4 {
was somewhat better for White, in Nevednichy,V (2548)-Varga,Z (2564) Miskolc
2004. In this structure Black would rather have exchanged one more set of
minor pieces. The knights have no outposts and at least one of them will be in
the way of the other pieces.} (14. Qe2 $1 $14 {would have left Black even more
passive.})) 7. exd6 Qxd6 {We have arrived at a position with a pawn structure
so common that there ought to be a name for it. On move one I gave some
examples of the same pawn structure, where Black is somewhat better off. Here
Black's bishop is well placed on g7, but I believe it is more important that
White gets to keep a knight on f3. I will explain why shortly...} 8. Re1 O-O ({
If Black can get away with} 8... Bg4 {, it seems the most logical, in order to
avoid the option of 9.h3.}) 9. c3 ({From a positional point of view I would
prefer to keep Black from exchanging his bishop with Bg4 with} 9. h3 {I would
not like to be Black in such a position. After} Bf5 {(where else to put the
bishop?)} 10. Bb3 a5 11. c4 a4 12. Bxa4 Nb4 13. Nc3 Nd3 14. Re2 {seems quite
good for White. Still, there is nothing wrong with Eric's move. Although Black
can count the exchange of Bc8 for Nf3 as a small gain, White gets his minor
pieces to all the right squares and keeps a small but clear advantage.}) 9...
Bg4 (9... Nd7 $6 10. Bb3 N7f6 11. h3 {and the best thing I can say about
Black's position is that it is, perhaps, not as bad as it looks. The bishop on
c8 is difficult to handle: if it is placed on f5, then it is in danger of
being caught with g4, later, and on e6 it is just an obstruction. Playing b6,
followed by Bb7 is probably the best option.}) 10. Nbd2 Nd7 11. h3 {White
doesn't mind this exchange as it leaves him with only good minor pieces and
excellent coordination. The bishop pair is cream on the top.} Bxf3 12. Nxf3 {
Compared to similar lines in the French and the Scandinavian (see move 1),
White's pieces are slighty more to the point here since the knight is in the
"right" position on f3: it keeps an eye on e5, can easily get to e4 via g5/d2
and is not obstructing anyone else.} e6 13. a4 $1 a5 14. Bg5 N7b6 15. Bf1 c5 {
This move comes from the Sad Necessity department. If Black just stays passive,
White can do just about anything until Black is no longer able to play either
e5 or c5.} ({After} 15... h6 16. Bh4 $1 Nf4 17. Bg3 g5 18. h4 {Black will soon
succumb to White's attack, as it is much harder for him to move his forces to
the kingside (without touching the f-pawn and thus weaken the king).}) 16. dxc5
$1 Qxc5 {This position is no fun for Black. The queenside is weak and
launching the e- and f-pawns forward equals self destruction. Black must stick
to a waiting strategy.} 17. Qb3 Rfc8 ({If Black is too single minded about
counterplay, then he will end up in trouble:} 17... Rfe8 18. Rad1 e5 19. Bb5
Re6 20. Nd2 {and there is no good answer to Ne4 on the next move.}) 18. Rad1 h6
(18... Nc4 19. Bc1 $1 Ndb6 20. Nd4 $1 ({The engine prefers} 20. Nd2 {, but the
exchange of one pair of knights would improve Black chances of survival:} Nxd2
21. Bxd2 Nd5 22. g3 Rab8 23. h4 {White will eventually have to exchange a pair
of knights, but it should be done at the right moment, when Black's pieces are
in disarray.}) 20... Rd8 21. Nb5 $16 {Black's knights are locked in position
from where there is no going forward.} Qc6 22. g3 {and White's pieces are
moving into pole position.}) 19. Bc1 $5 ({is more active, but I like Eric's
choice here. The bishop is tucked away on c1, where it protects b2 and cannot
be reached with a knight. Now White can slowly improve the rest of his forces
without worrying about the bishop being hit by a rouge knight (on c4). This
handling of the bishops is quite instructive. Black's two knights must look
for dynamic options, but it is hard to play dynamically when there is nothing
to attack.} 19. Bh4 Nc4 20. Bg3 {is just as good, but less instructive. Here
White must use his powers of calculation to check that Black's knights are
unable to do any damage:} b5 $1 (20... Nd6 21. Ne5) 21. axb5 Ndb6 22. Nd4 a4
23. Qc2 e5 24. Nc6 Re8 {is somewhat better for White, but more of a mess.})
19... Rd8 20. Nd4 Rd6 21. Nb5 Rd7 22. g3 $1 {The bishop is not going to g2
just yet, but to be able to go there, at some point, is in White's interest.} (
22. c4 {is a move that turns a perfectly healthy structure into a miserable
one, so unless it gains something significant, nothing less than a pawn, it
should never be played. I would not even consider such a move, but the engine
likes it.} Nb4 23. Be3 Qc6 24. Be2 Rad8 25. Rxd7 Nxd7 26. Rd1 {and now} Qc8 27.
Rd2 {keeps some pressure. Still, now Black's pieces have hope, so I haven't
changed my mind. It should not be played.}) 22... Rad8 23. h4 $5 {I'm
ambivalent towards this move. On the one hand it sets the scene for h4-h5, but
the downside is that g3 is weakened and Black can set up some tricks with Nf5
and Qc7, aiming at Nx3. It shouldn't work if White stays focused, but the
weakness is there and it gives one of Black's knights a better purpose in life.
} (23. Na3) 23... Nc8 $1 {Headed for f5.} 24. Na3 Nd6 25. Nc4 {White is
dominating. Black cannot move a pawn without digging a deeper hole for himself.
So, White should not hurry and avoid falling for a trick...} Nf5 26. Qb5 $6 (
26. Rd3 $1 Qc7 27. Bg2 Qc5 28. Qb5 (28. Ne5 Re7 (28... Bxe5 29. Rxe5 {is
terrible for Black.}) 29. Bd2 Qc7 {achieves nothing.}) 28... Qc7 29. Kf1 $1 Bf8
30. Be4 Nd6 31. Nxd6 Rxd6 32. Red1 {and Black must defend a rather awful
position.}) (26. Bg2 $2 Nxg3 $1) 26... Qc7 27. Rd3 $6 Rc8 $2 {Black misses his
chance to turn the game around:} (27... Nxc3 $1 28. Rxd7 Nxb5 29. Rxc7 Nxc7 30.
Nxa5 Ra8 31. Nxb7 Rxa4 {is all forced. Now Black's position is great. The
knight are drawn to the central squares and White's bishops are not
participating. It's White who has to tune in to a defensive mood.}) 28. Rf3 b6
29. Qb3 Nfe7 30. Rd1 Nf5 31. Na3 {White seems to move aimlessly around.
Perhaps the rook is soon to return to d3?!} Bf8 32. Nb5 Qb8 $6 {This allows
Eric to change gear and run Black over.} (32... Qe5 33. Rfd3 {and White
continues with Qb3-c2-e2, followed by Bg2. Black's position is worse, but
within drawing limit.}) 33. h5 $1 {There turns out to be a tactical problem
with the knights on f5 and d5, so Black is unable to move the g-pawn; his pawn
structure becomes an archipelago with too many islands.} Bc5 34. hxg6 fxg6 35.
Bf4 Qb7 36. Bg2 $6 ({Black gets a second chance. Instead} 36. Be5 $1 {,
followed by Bg2 and Nd4, should win.}) 36... Rf8 $6 ({It is not easy to spot,
but after} 36... Nxf4 37. Rxf4 Rxd1+ 38. Qxd1 Qe7 {, Black's miserable
structure is of less importance than the dynamic factors. Only way to keep
some advantage for White is} 39. b4 axb4 40. cxb4 Bxb4 41. Qg4 Bc5 42. Qxg6+
Kh8 43. Kh2 $1 $14) 37. Rfd3 $1 g5 $2 {This is where a commentator like me
will usually write "probably time trouble". But, I'd be perfectly capable of
playing such a move myself, because I didn't like the prospect of watching my
position slowly fall apart. I'd think "g5 looks active" (followed by some
white noise).} 38. Rxd5 $1 exd5 39. Rxd5 Rdf7 40. Rxc5 Qe7 41. Rxf5 gxf4 42.
Rxf4 {and Black resigned.} 1-0

[Event "79th Tata Steel Chess 2017-Masters"]
[Site "Wijk aan Zee"]
[Date "2017.01.21"]
[Round "7"]
[White "So, Wesley"]
[Black "Eljanov, Pavel"]
[Result "1/2-1/2"]
[WhiteElo "2808"]
[BlackElo "2755"]
[PlyCount "75"]
[EventDate "2017.??.??"]
[TimeControl "60"]

1. e4 {[%emt 0:00:00]} e5 {[%emt 0:00:00]} 2. Nf3 {[%emt 0:00:00]} Nc6 {
[%emt 0:00:00]} 3. Bc4 {[%emt 0:00:00]} Bc5 {[%emt 0:00:00]} 4. O-O {[%emt 0:
00:00]} Nf6 {[%emt 0:00:00]} 5. d3 {[%emt 0:00:00]} d6 {[%emt 0:00:00]} 6. c3 {
[%emt 0:00:00]} a6 {[%emt 0:00:00]} 7. a4 {[%emt 0:00:00]} Ba7 {[%emt 0:00:00]}
8. Na3 {[%emt 0:00:00]} h6 {[%emt 0:00:00]} 9. Nc2 {[%emt 0:00:00]} Qe7 {
[%emt 0:00:00]} 10. Be3 {[%emt 0:00:00]} Be6 {[%emt 0:00:00]} 11. Bxe6 {
[%emt 0:00:00]} Qxe6 {[%emt 0:00:00]} 12. Bxa7 {[%emt 0:00:00]} Rxa7 {[%emt 0:
00:00]} 13. d4 {[%emt 0:00:00]} Ne7 {[%emt 0:00:00]} 14. Nd2 {[%emt 0:00:00]}
O-O {[%emt 0:00:00]} 15. Qe2 {[%emt 0:00:00]} Raa8 {[%emt 0:00:00]} 16. g3 {
[%emt 0:00:00]} Rfe8 {[%emt 0:00:00]} 17. a5 {[%emt 0:00:00]} Rac8 {[%emt 0:00:
00]} 18. d5 {[%emt 0:00:00]} Qd7 {[%emt 0:00:00]} 19. Ne3 {[%emt 0:00:00]} Nh7
{[%emt 0:00:00]} 20. Ra3 {[%emt 0:00:00]} Rf8 {[%emt 0:00:00]} 21. Rb3 {
[%emt 0:00:00]} Rb8 {[%emt 0:00:00]} 22. Ra1 {[%emt 0:00:00]} f5 {[%emt 0:00:
00]} 23. exf5 {[%emt 0:00:00]} Nxf5 {[%emt 0:00:00]} 24. Qg4 {[%emt 0:00:00]}
h5 {[%emt 0:00:00]} 25. Qxh5 {[%emt 0:00:00]} Nxe3 {[%emt 0:00:00]} 26. fxe3 {
[%emt 0:00:00]} Rf5 {[%emt 0:00:00]} 27. Qh4 {[%emt 0:00:00] Although he took
it sportingly, White missed a chance to obtain a decisive advantage three
straight moves with the same shot.} Ng5 {[%emt 0:00:00]} (27... Rbf8 $1 28. g4
R5f6 29. c4 Qe7 {threatening Rf1+ with a discovered attack on the queen.} 30.
Qg3 Qf7 {and Black's attack becomes unstoppable.}) 28. Rb4 {[%emt 0:00:00]} e4
{[%emt 0:00:00]} (28... Rbf8 $1 29. Rg4 Nh7 30. c4 Qf7 31. Qh3 Ng5 {and again
Black's advantage should be decisive.}) 29. Kg2 {[%emt 0:00:00]} Qf7 {[%emt 0:
00:00]} ({This was the most definitive as th king exposed on g2 means the Rf2+
threat has that much more bite.} 29... Rbf8 $1 30. Nxe4 Nf3 31. Qh3 Qe8 32. Qg4
Qf7 {and Black is winning.}) 30. Nxe4 {[%emt 0:00:00]} Qxd5 {[%emt 0:00:00]} (
30... Nf3 {was the last chance to keep the edge.} 31. Qh3 Qxd5) 31. Rd4 {
[%emt 0:00:00]} Nf3 {[%emt 0:00:00]} 32. Nf6+ {[%emt 0:00:00]} Rxf6 {[%emt 0:
00:00]} 33. Rxd5 {[%emt 0:00:00]} Nxh4+ {[%emt 0:00:00]} 34. gxh4 {[%emt 0:00:
00]} Rbf8 {[%emt 0:00:00]} 35. Rd2 {[%emt 0:00:00]} Rg6+ {[%emt 0:00:00]} 36.
Kh1 {[%emt 0:00:00]} Rf3 {[%emt 0:00:00]} 37. Re1 {[%emt 0:00:00]} Re6 {
[%emt 0:00:00]} 38. Rd4 {[%emt 0:00:00]} 1/2-1/2